000 00632nam a2200193Ia 4500
003 LDD
008 190117s9999 xx 000 0 und d
020 _a8185127697
_c₹120
040 _cLDD
041 _ahi
082 _a8h3.7 शा76थि
100 _aशाह रमेशचंद्र
245 0 _aथिएटर
_cशाह रमेशचंद्र
260 _aबीकानेर
_bवाग्देवी प्रकाशन
_c2002
300 _a135पृ.
901 _aVANI
904 _aReqst by : Parakh, Jawarimal (Dr.)
942 _2ddc
_cH
999 _c171609
_d171609